MARC details
| 000 -CABECERA |
| campo de control de longitud fija |
03599ngm a22005054i 4500 |
| 001 - NÚMERO DE CONTROL |
| campo de control |
991061308194006706 |
| 003 - IDENTIFICADOR DEL NÚMERO DE CONTROL |
| campo de control |
ES-BaIT |
| 005 - FECHA Y HORA DE LA ÚLTIMA TRANSACCIÓN |
| campo de control |
20260428141715.0 |
| 008 - DATOS DE LONGITUD FIJA--INFORMACIÓN GENERAL |
| campo de control de longitud fija |
250404s2008 xxk||| |-|||||q|| vleng|c |
| 024 8# - IDENTIFICADOR DE OTROS ESTÁNDARES |
| Número estándar o código |
5051083018883 |
| 028 40 - NÚMERO DE EDITOR O DISTRIBUIDOR |
| Número de editor o de distribuidor |
10040 |
| Fuente |
DC |
| 040 ## - FUENTE DE LA CATALOGACIÓN |
| Centro catalogador/agencia de origen |
ES-BaIT |
| Lengua de catalogación |
cat |
| Normas de descripción |
rda |
| Centro/agencia transcriptor |
ES-BaIT |
| 080 ## - NÚMERO DE LA CLASIFICACIÓN DECIMAL UNIVERSAL |
| Número de la Clasificación Decimal Universal |
793.4(086.8) |
| 245 00 - MENCIÓN DE TÍTULO |
| Título |
Hans van Manen Festival |
| Resto del título |
Dutch national ballet and guests from Bayerisches staatsballett, Nederlands Dans Theater II, Kirov ballet ; produced, directed an edited by 3 minutes West, Altin Kaftira, Adrienne Liron, Jeff Tudor |
| 264 #1 - PRODUCCIÓN, PUBLICACIÓN, DISTRIBUCIÓN, FABRICACIÓN Y COPYRIGHT |
| Producción, publicación, distribución, fabricación y copyright |
London : |
| Nombre del de productor, editor, distribuidor, fabricante |
Digital Classics, |
| Fecha de producción, publicación, distribución, fabricación o copyright |
2008 |
| 300 ## - DESCRIPCIÓN FÍSICA |
| Extensión |
1 videodisc (DVD) (90 min ballet+48 min bonus): |
| Otras características físicas |
color, so; |
| Dimensiones |
19 cm |
| 336 ## - TIPO DE CONTENIDO |
| Término de tipo de contenido |
imatge en moviment bidimensional |
| Código de tipo de contenido |
tdi |
| Fuente |
rdacontent |
| 337 ## - TIPO DE MEDIO |
| Nombre/término del tipo de medio |
vídeo |
| Código del tipo de medio |
v |
| Fuente |
rdamedia |
| 338 ## - TIPO DE SOPORTE |
| Nombre/término del tipo de soporte |
videodisc |
| Código del tipo de soporte |
vd |
| Fuente |
rdacarrier |
| 344 ## - CARACTERÍSTICAS DE SONIDO |
| Tipo de grabación |
digital |
| Medio de grabación |
òptic |
| Configuración de los canales de reproducción del sonido |
estèreo |
| Fuente |
rda |
| 347 ## - CARACTERÍSTICAS DEL ARCHIVO DIGITAL |
| Tipo de archivo |
fitxer vídeo |
| Formato de codificación |
DVD vídeo |
| Codificación regional |
totes les regions |
| Fuente |
rda |
| 500 ## - NOTA GENERAL |
| Nota general |
Format de pantalla (16:9) |
| 500 ## - NOTA GENERAL |
| Nota general |
Enregistrat al Festival Hans Manen cel·lebrat a Amsterdam de l'11 al 16 de setembre de 2007 |
| 500 ## - NOTA GENERAL |
| Nota general |
País i any de producció: Països Baixos, 2007 |
| 505 8# - NOTA DE CONTENIDO CON FORMATO |
| Nota de contenido con formato |
Conté: Adagio Hammerklavier / music by Beethoven ; performed by Dutch National Ballet including Natalia Hoffmann, Larissa Lezhnina, Tamás Nagy, Anna Tsygankova, Jozef Varga, Artem Yachmennikov -- Trois gnossiennes / music by Erik Satie ; performed by Kirov Ballet, Uliana Lopatkina, Ivan Kozlov -- Simple Things / music by Guy Klusevsek, Alan Bern, Josef Haydn, Peteris Vasks ; performed by Nederlands Dans Theater II, Celia Amade, Nina Botkay, Javier Monzon, Roger van Der Poel -- 5 Tangos / music by Astor Piazzolla ; performed by Bayerisches Staatsballett, Lucia Lacarra, Alen Bottaini |
| 508 ## - NOTA DE CRÉDITOS DE CREACIÓN O PRODUCCIÓN |
| Nota de créditos de creación o producción |
Coproducció: Dutch National Ballet i 3 Minuts West |
| 520 ## - SUMARIO, ETC. |
| Sumario, etc. |
"The Hans van Manen Festival was staged by The Dutch National Ballet to celebrate the work of choreographer Hans van Manen for his 75th birthday. International guest artists from companies such as the Kirov Ballet, and Nederlands Dans Theater, joined Dutch National Ballet to perform some of van Manen's most celebrated ballets.This gala event includes stunning performances from internationally renowned ballerinas Uliana Lopatkina, Lucia Lacarra and the brightest stars of Dutch dance including Larissa Lezhnina and Igone de Jongh of Dutch National Ballet and the young talent of Nederlands Dans Theater. Recorded at Het Muziektheater, Amsterdam, with behind the scenes footage and interviews." -- contenidor |
| 525 ## - NOTA DE SUPLEMENTO |
| Nota de suplemento |
Inclou bonus: Interview: Hans Van Manen and eminent performers -- Twilight / music by John Cage ; performed by Dutch National Ballet, Igone de Jongh, Alexander Zhembrovskyy |
| 546 ## - NOTA DE LENGUA/LENGUAJE |
| Nota de lengua/lenguaje |
Versió original en anglès, versions doblades, subtítols |
| 600 17 - PUNTO DE ACCESO ADICIONAL DE MATERIA--NOMBRE DE PERSONA |
| Nombre de persona |
Manen, Hans van, |
| Fechas asociadas al nombre |
1932-2025 |
| Subdivisión general |
Crítica i interpretació |
| Fuente del encabezamiento o término |
lemac |
| 9 (RLIN) |
103463 |
| 650 #4 - PUNTO DE ACCESO ADICIONAL DE MATERIA--TÉRMINO DE MATERIA |
| Término de materia o nombre geográfico como elemento de entrada |
Dansa clàssica |
| Subdivisión general |
Coreografies |
| 9 (RLIN) |
56589 |
| 655 #7 - TÉRMINO DE INDIZACIÓN--GÉNERO/FORMA |
| Datos o término principal de género/forma |
Dansa filmada |
| Fuente del término |
lemac |
| 9 (RLIN) |
168293 |
| 700 1# - ENTRADA AGREGADA--NOMBRE PERSONAL |
| Nombre de persona |
Manen, Hans van, |
| Fechas asociadas al nombre |
1932-2025 |
| Término indicativo de función/relación |
coreògraf |
| 9 (RLIN) |
31265 |
| 710 2# - ENTRADA AGREGADA--NOMBRE DE ENTIDAD CORPORATIVA |
| Nombre de entidad corporativa o nombre de jurisdicción como elemento de entrada |
Nationale Ballet (Països Baixos) |
| Término indicativo de función/relación |
ballarí |
| 9 (RLIN) |
146145 |
| 710 2# - ENTRADA AGREGADA--NOMBRE DE ENTIDAD CORPORATIVA |
| Nombre de entidad corporativa o nombre de jurisdicción como elemento de entrada |
Mariinskii teatr (1991-). |
| Unidad subordinada |
Balet |
| Término indicativo de función/relación |
ballarí |
| 9 (RLIN) |
105973 |
| 710 2# - ENTRADA AGREGADA--NOMBRE DE ENTIDAD CORPORATIVA |
| Nombre de entidad corporativa o nombre de jurisdicción como elemento de entrada |
Bayerisches Staatsballett |
| Término indicativo de función/relación |
ballarí |
| 9 (RLIN) |
97205 |
| 730 0# - ENTRADA AGREGADA--TÍTULO UNIFORME |
| Título uniforme |
Adagio hammerklavier (Coreografia) |
| 9 (RLIN) |
169326 |
| 730 0# - ENTRADA AGREGADA--TÍTULO UNIFORME |
| Título uniforme |
Trois gnossiennes (Coreografia) |
| 9 (RLIN) |
169327 |
| 730 0# - ENTRADA AGREGADA--TÍTULO UNIFORME |
| Título uniforme |
Simple things (Coreografia) |
| 9 (RLIN) |
169328 |
| 730 0# - ENTRADA AGREGADA--TÍTULO UNIFORME |
| Título uniforme |
5 tangos (Coreografia) |
| 9 (RLIN) |
169329 |
| 730 0# - ENTRADA AGREGADA--TÍTULO UNIFORME |
| Título uniforme |
Twilight (Coreografia) |
| 9 (RLIN) |
169330 |
| 908 ## - COLOCAR PARÁMETRO DE COMANDO (RLIN) |
| Colocar parámetro de comando |
CDMAE |
| 940 ## - EQUIVALENCIA O REFERENCIA-CRUZADA--TÍTULO UNIFORME [OBSOLETO] [solamente CAN/MARC] |
| Título uniforme |
<a href="CDMAE">CDMAE</a> |
| 942 ## - ELEMENTOS DE ENTRADA AGREGADA (KOHA) |
| Fuente del sistema de clasificación o colocación |
Clasificación decimal universal |
| Tipo de ítem Koha |
Vídeo |